| 000 | 00742nam a2200241 a 4500 | ||
|---|---|---|---|
| 001 | 72589 | ||
| 003 | BD-RjUL | ||
| 005 | 20211209082301.0 | ||
| 008 | 170521s1957 nyua 001 0 eng | ||
| 035 | _a(BD-RjUL)72807 | ||
| 040 |
_aDLC _cDLC _dBD-RjUL _beng |
||
| 041 | _aeng | ||
| 082 | 0 | 0 |
_a579 _223 _bSOM 1957 |
| 110 |
_aSociety of American Bacteriologists _9214727 |
||
| 245 | 0 | 0 |
_aManual of microbiological methods / _cSociety of American Bacteriologists |
| 260 |
_aNew York : _bMcGraw-Hill, _c1957. |
||
| 300 |
_ax, 315 p. : _bill. ; _c24 cm. |
||
| 500 | _aIncludes index | ||
| 650 | 0 |
_aMicrobiology _xTechnique. _9214534 |
|
| 650 | 0 |
_aBacteriology _xCultures and culture media. _9214726 |
|
| 942 |
_2ddc _cBK |
||
| 999 |
_c72589 _d72589 |
||